Países do Mundo - Digite sem ver o mapa - Statistics

Estatísticas Gerais
  • Esse quiz foi jogado 51 vezes
  • A pontuação média é 130 de 196
Estatísticas das Respostas
País % Correto
Estados Unidos
93%
Brasil
87%
Argentina
83%
Canadá
83%
Bolívia
80%
Guiana
80%
México
80%
Panamá
80%
Peru
80%
Suriname
80%
Chile
77%
Colômbia
77%
El Salvador
77%
Equador
77%
França
77%
Guatemala
77%
Jamaica
77%
Uruguai
77%
Venezuela
77%
Afeganistão
73%
África do Sul
73%
Alemanha
73%
Austrália
73%
Coreia do Norte
73%
Coreia do Sul
73%
Costa Rica
73%
Dinamarca
73%
Egito
73%
Finlândia
73%
Grécia
73%
Índia
73%
Madagáscar
73%
Marrocos
73%
Níger
73%
Nigéria
73%
Noruega
73%
Países Baixos
73%
Paraguai
73%
Rússia
73%
Vaticano
73%
Albânia
70%
Andorra
70%
Angola
70%
Arábia Saudita
70%
Argélia
70%
Armênia
70%
Áustria
70%
Bélgica
70%
Bielorrússia
70%
Bósnia e Herzegovina
70%
Butão
70%
China
70%
Chipre
70%
Eslováquia
70%
Fiji
70%
Geórgia
70%
Honduras
70%
Irão
70%
Iraque
70%
Irlanda
70%
Islândia
70%
Israel
70%
Japão
70%
Letónia
70%
Lituânia
70%
Nicarágua
70%
Nova Zelândia
70%
Omã
70%
Paquistão
70%
Reino Unido
70%
Suíça
70%
Tailândia
70%
Turquia
70%
Vietname
70%
Azerbaijão
67%
Belize
67%
Catar
67%
Cazaquistão
67%
Cuba
67%
Dominica
67%
Emirados Árabes Unidos
67%
Eslovénia
67%
Estônia
67%
Haiti
67%
Hungria
67%
Indonésia
67%
Kosovo
67%
Malta
67%
Maurícia
67%
Polônia
67%
Quênia
67%
Quirguistão
67%
República Democrática do Congo
67%
República do Congo
67%
República Dominicana
67%
Senegal
67%
Sérvia
67%
Seychelles
67%
Suécia
67%
Turquemenistão
67%
Ucrânia
67%
Zâmbia
67%
Bahrein
63%
Barbados
63%
Brunei
63%
Cabo Verde
63%
Camboja
63%
Costa do Marfim
63%
Croácia
63%
Djibouti
63%
Espanha
63%
Essuatíni
63%
Estados Federados da Micronésia
63%
Etiópia
63%
Filipinas
63%
Gâmbia
63%
Iémen
63%
Itália
63%
Jordânia
63%
Kuweit
63%
Laos
63%
Libéria
63%
Luxemburgo
63%
Maldivas
63%
Moçambique
63%
Namíbia
63%
Nauru
63%
Portugal
63%
Romênia
63%
Ruanda
63%
San Marino
63%
Sri Lanka
63%
Sudão
63%
Taiwan
63%
Timor-Leste
63%
Tonga
63%
Trinidad e Tobago
63%
Tunísia
63%
Tuvalu
63%
Uganda
63%
Uzbequistão
63%
Zimbábue
63%
Antígua e Barbuda
60%
Bahamas
60%
Bangladesh
60%
Botswana
60%
Bulgária
60%
Burkina Faso
60%
Burundi
60%
Camarões
60%
Comores
60%
Gabão
60%
Gana
60%
Ilhas Salomão
60%
Kiribati
60%
Lesoto
60%
Liechtenstein
60%
Macedónia do Norte
60%
Malásia
60%
Malawi
60%
Mali
60%
Mongólia
60%
Montenegro
60%
Palau
60%
Papua Nova Guiné
60%
República Checa
60%
São Cristóvão e Nevis
60%
São Tomé e Príncipe
60%
São Vicente e Granadinas
60%
Singapura
60%
Síria
60%
Sudão do Sul
60%
Tajiquistão
60%
Togo
60%
Vanuatu
60%
Benim
57%
Eritreia
57%
Granada
57%
Guiné
57%
Guiné-Bissau
57%
Guiné Equatorial
57%
Líbano
57%
Líbia
57%
Mauritânia
57%
Moldávia
57%
Mônaco
57%
Nepal
57%
Samoa
57%
Santa Lúcia
57%
Serra Leoa
57%
Somália
57%
Tanzânia
57%
Chade
53%
Ilhas Marshall
53%
República Centro-Africana
53%
Birmânia
50%
Nenhum quiz correspondente encontrado
Distribuição das Pontuações
Porcentagem de Pessoas com Cada Pontuação
Percentil de Números Respondidos
Sua Pontuação Histórica
Você não jogou esse quiz